Mecze reprezentacji Polski na Mistrzostwach Europy w Piłce Nożnej - Statystyki

Ogólne statystyki
  • Ten quiz został rozwiązany 229 razy
    99 od ostatniego zresetowania
  • Średni wynik to 16 z 17
Statystyki odpowiedzi
Rok Runda Wynik Przeciwnik % Poprawnych
2008 faza grupowa 1-1 Austria
100%
2024 faza grupowa 1-3 Austria
100%
2024 faza grupowa 1-2 Holandia
100%
2016 ćwierćfinał 1-1 k. 3-5 Portugalia
100%
2024 faza grupowa 1-1 Francja
99%
2008 faza grupowa 0-2 Niemcy
98%
2016 faza grupowa 0-0 Niemcy
98%
2016 faza grupowa 1-0 Ukraina
98%
2016 faza grupowa 1-0 Irlandia Północna
97%
2016 1/8 fianłu 1-1 k. 5-4 Szwajcaria
97%
2012 faza grupowa 1-1 Rosja
94%
2020 faza grupowa 1-2 Słowacja
94%
2020 faza grupowa 2-3 Szwecja
94%
2020 faza grupowa 1-1 Hiszpania
93%
2012 faza grupowa 0-1 Czechy
92%
2012 faza grupowa 1-1 Grecja
91%
2008 faza grupowa 0-1 Chorwacja
79%
Nie znaleziono quizów pasujących do podanych kryteriów
Rozkład punktacji
Procent ludzi z każdym wynikiem
Percentyl według liczby udzielonych odpowiedzi
Twoja historia wyników
Nie rozwiązałeś tego quizu od ostatniego zresetowania